|
|
|
|
| LEADER |
00000nab a2200000 i 4500 |
| 001 |
publ1011 |
| 005 |
20190405084116.0 |
| 008 |
190405s2018 hu o 000 zxx d |
| 040 |
|
|
|a BGE Publikációtár Repozitórium
|b hun
|
| 100 |
1 |
|
|a Vándor János
|
| 245 |
1 |
3 |
|a On the Side Lines of the Changing East-Asian Region – The Case of Taiwan
|c Vándor János
|h [elektronikus dokumentum]
|
| 260 |
|
|
|c 2018
|
| 300 |
|
|
|a 125-154
|
| 490 |
0 |
|
|a ECONOMIC DEVELOPMENT STRATEGIES OF CHANGING EAST-ASIAN COUNTRIES AFTER 2009
|
| 650 |
|
4 |
|a közgazdaságtudományok
|
| 695 |
|
|
|a Tajvan
|
| 695 |
|
|
|a Kelet-Ázsia
|
| 856 |
4 |
0 |
|u https://publikaciotar.uni-bge.hu/id/eprint/1011/1/vandor.pdf
|z Dokumentum-elérés
|